000 00607cam a2200229 a 4500
001 410740
005 20180221033059.0
008 801222s1981 mau b 001 0 eng
010 _a 80028278
020 _a0674259858
040 _aDLC
_cDLC
_dDLC
041 _aeng
043 _ad------
080 _a330 BAU
082 0 0 _a330 BAU
_219
100 1 _a52
101 _aECO
245 1 0 _aEquality, the Third World, and economic delusion /
_cP.T. Bauer.
504 _aIncludes bibliographical references and index.
906 _a7
_bcbc
_corignew
_du
_eocip
_f19
_gy-gencatlg
942 _2ddc
_cBK
999 _c42972
_d42972